Statistics for MLB Teams by Year Founded

Click here to take the quiz!

General Stats

  • This quiz has been taken 58 times
  • The average score is 27 of 30

Answer Stats

TeamYear Founded% Correct
Kansas City Royals 1969
100%
Washington Nationals1969
100%
Milwaukee Brewers1969
100%
San Diego Padres1969
100%
Las Angeles Angels1961
97%
Texas Rangers1961
97%
Houston Astros1962
97%
New York Mets1962
97%
Seattle Mariners1977
97%
Toronto Blue Jays1977
97%
Miami Marlins1993
97%
Colorado Rockies1993
97%
Arizona Diamondbacks1998
94%
Tampa Bay Rays1998
94%
Minnesota Twins1901
91%
Chicago White Sox1901
91%
Detroit Tigers1901
91%
Boston Red Sox1901
91%
Cleveland Indians1901
91%
Oakland Athletics1901
91%
Baltimore Orioles1901
91%
New York Yankees1903
91%
Cincinnati Reds1882
83%
St.Louis Cardinals1882
83%
Pittsburgh Pirates1882
83%
Chicago Cubs1876
80%
San Francisco Giants1883
80%
Philadelphia Phillies1883
80%
Las Angeles Dodgers1884
80%
Atlanta Braves1871
71%

Score Distribution

Percentile by Number Answered

Percent of People with Each Score

Your Score History

You have not taken this quiz